000
00381nam a22001097a 4500
082
_a
398
100
_a
पाण्डेय, शिव कुमार
_9
58567
245
_a
बस्तर के लोकेत्सव
260
_a
दिल्ली
_b
आयुष पब्लिशिंग हाउस
_c
2020
650
_a
लोकसाहित्य
_9
49528
942
_c
HIN
999
_c
69027
_d
69027